[Event "Paris-ch op-B"]
[Site "Paris"]
[Date "2009.07.06"]
[Round "3"]
[White "David, Jean Luc"]
[Black "Dimart, Denis"]
[Result "0-1"]
[WhiteElo "1737"]
[BlackElo "1852"]
[PlyCount "74"]
[EventDate "2009.07.04"]
[EventType "swiss"]
[EventRounds "9"]
[EventCountry "FRA"]
[SourceTitle "EXT 2010"]
[Source "ChessBase"]
[SourceDate "2010.11.25"]
[SourceVersion "1"]
[SourceVersionDate "2010.11.25"]
[SourceQuality "1"]

1. e4 e5 2. Nf3 Nc6 3. Bc4 Nf6 4. Nc3 Be7 5. 0-0 0-0 6. d3 d6 7. h3 Na5 8. Nd5 Nxd5 9. Bxd5 c6 10. Bb3 Nxb3 11. axb3 f5 12. c4 fxe4 13. dxe4 Be6 14. Qd3 b6 15. Rd1 Qc7 16. Ng5 Qd7 17. Qg3 Kh8 18. Nf3 Qe8 19. Bg5 a5 20. Rd3 Rd8 21. Rad1 Bg8 22. Qh4 Bxg5 23. Qxg5 h6 24. Qe3 b5 25. cxb5 d5 26. bxc6 d4 27. Qd2 Bh7 28. Qxa5 Bxe4 29. Nxe5 Rd5 30. Qc7 Rxe5 31. Rxd4 Rg5 32. Rd8 Rxg2+ 33. Kf1 Rgxf2+ 34. Ke1 Rf1+ 35. Ke2 Bd3+ 36. Kd2 Rxd1+ 37. Kc3 Qxd8 0-1

[Event "FRA-ch op-C"]
[Site "Aix les Bains"]
[Date "2007.08.22"]
[Round "9"]
[White "Bienaime, Pierre"]
[Black "Dimart, Denis"]
[Result "1/2-1/2"]
[WhiteElo "1678"]
[BlackElo "1686"]
[PlyCount "86"]
[EventDate "2007.08.13"]
[EventType "swiss"]
[EventRounds "11"]
[EventCountry "FRA"]
[SourceTitle "CBM 120 Extra"]
[Source "ChessBase"]
[SourceDate "2007.11.01"]
[SourceVersion "1"]
[SourceVersionDate "2007.11.01"]
[SourceQuality "1"]

1. Nf3 d5 2. b4 Nf6 3. Bb2 Nbd7 4. e3 e6 5. b5 Bd6 6. d4 c5 7. c4 cxd4 8. exd4 dxc4 9. Bxc4 0-0 10. 0-0 Nb6 11. Bd3 Nbd5 12. Nc3 b6 13. Ne5 Bb7 14. Nxd5 Bxd5 15. Qe2 Rc8 16. Rfc1 Qe7 17. Nc4 Rfd8 18. Nxd6 Qxd6 19. h3 Qf4 20. Qe3 Qh4 21. Rxc8 Rxc8 22. Rc1 Ra8 23. a3 h6 24. Bc3 Ne4 25. Bb4 f5 26. Bxe4 Bxe4 27. Rc7 Qf6 28. Bd6 Qg6 29. Qg3 Qxg3 30. Bxg3 Rf8 31. Be5 Rf7 32. Rxf7 Kxf7 33. Bb8 Bd3 34. Bxa7 Bxb5 35. Bxb6 Ke8 36. f3 h5 37. Bc5 Kd7 38. Kf2 Kc6 39. f4 Kd5 40. Ke3 Bf1 41. Kf2 Bb5 42. Kf3 g6 43. g3 Ba4 1/2-1/2

[Event "FRA-ch op-C"]
[Site "Aix les Bains"]
[Date "2007.08.20"]
[Round "7"]
[White "Bellaiche, Elise"]
[Black "Dimart, Denis"]
[Result "0-1"]
[WhiteElo "1630"]
[BlackElo "1686"]
[PlyCount "78"]
[EventDate "2007.08.13"]
[EventType "swiss"]
[EventRounds "11"]
[EventCountry "FRA"]
[SourceTitle "CBM 120 Extra"]
[Source "ChessBase"]
[SourceDate "2007.11.01"]
[SourceVersion "1"]
[SourceVersionDate "2007.11.01"]
[SourceQuality "1"]

1. e4 e5 2. Nf3 Nc6 3. Bc4 Nf6 4. d3 Be7 5. Nc3 0-0 6. d4 exd4 7. Nxd4 Nxd4 8. Qxd4 d6 9. 0-0 b6 10. Bf4 Bb7 11. Rad1 Nh5 12. Bg3 Nxg3 13. hxg3 Bf6 14. Qe3 Bxc3 15. Qxc3 Bxe4 16. Rd4 Bg6 17. Bd5 Rb8 18. Rc4 c5 19. Rg4 Qd7 20. Rg5 Kh8 21. f3 Rbe8 22. Kh2 Qe7 23. f4 h6 24. Rg4 Qe2 25. Rh4 Qxf1 26. Rxh6+ Bh7 27. Bc4 Qe1 28. Bd3 f5 29. Qxe1 Rxe1 30. Rh5 g6 31. Rh4 d5 32. b3 Rc8 33. c4 Rd1 34. Bc2 Rd2 35. Bb1 dxc4 36. bxc4 Rb2 37. Bd3 Rd8 38. Bxf5 gxf5 39. g4 Rdd2 0-1

[Event "Le Touquet op-B 19th"]
[Site "Le Touquet"]
[Date "2004.10.30"]
[Round "8"]
[White "Bellemere, David"]
[Black "Dimart, Denis"]
[Result "1-0"]
[WhiteElo "1770"]
[BlackElo "1850"]
[PlyCount "91"]
[EventDate "2004.10.25"]
[EventType "swiss"]
[EventRounds "9"]
[EventCountry "FRA"]
[SourceTitle "EXT 2006"]
[Source "ChessBase"]
[SourceDate "2005.11.24"]
[SourceVersion "1"]
[SourceVersionDate "2005.11.24"]
[SourceQuality "1"]

1. e4 c5 2. c3 Nc6 3. Nf3 d6 4. d4 cxd4 5. cxd4 Nf6 6. Nc3 e6 7. Bd3 Be7 8. 0-0 0-0 9. Qb3 Nd7 10. Be3 e5 11. dxe5 Ndxe5 12. Nxe5 dxe5 13. Nd5 b6 14. Nxe7+ Qxe7 15. Rfd1 Be6 16. Qb5 Rac8 17. Rac1 Bd7 18. Qa4 Rc7 19. Bb5 Rfc8 20. Rc3 Nb8 21. Rxc7 Rxc7 22. Bxd7 Rxd7 23. Rxd7 Qxd7 24. Qxd7 Nxd7 25. f3 f6 26. b4 Kf7 27. Kf2 Ke6 28. Ke2 Kd6 29. Kd3 Kc6 30. a4 h6 31. Kc4 Nf8 32. b5+ Kc7 33. Kd5 h5 34. f4 exf4 35. Bxf4+ Kc8 36. h3 Nd7 37. Bd6 Kb7 38. g4 hxg4 39. hxg4 a5 40. e5 fxe5 41. Bxe5 g6 42. Bd4 Kc7 43. Ke6 Nc5+ 44. Bxc5 bxc5 45. Kd5 Kb6 46. g5 1-0

[Event "Le Touquet op-B 19th"]
[Site "Le Touquet"]
[Date "2004.10.28"]
[Round "1"]
[White "Dimart, Denis"]
[Black "Levers, Christelle"]
[Result "1/2-1/2"]
[WhiteElo "1850"]
[BlackElo "1610"]
[PlyCount "47"]
[EventDate "2004.10.25"]
[EventType "swiss"]
[EventRounds "9"]
[EventCountry "FRA"]
[SourceTitle "EXT 2006"]
[Source "ChessBase"]
[SourceDate "2005.11.24"]
[SourceVersion "1"]
[SourceVersionDate "2005.11.24"]
[SourceQuality "1"]

1. d4 d5 2. c4 dxc4 3. Nc3 e6 4. e4 c5 5. Nf3 cxd4 6. Nxd4 e5 7. Nf3 Qxd1+ 8. Nxd1 Nc6 9. Bxc4 f6 10. 0-0 Bc5 11. Ne3 Nge7 12. a3 a6 13. h3 b5 14. Ba2 Bb7 15. Rd1 Rd8 16. Rxd8+ Kxd8 17. Bd2 Kc7 18. Rc1 Kb6 19. Nd5+ Nxd5 20. exd5 Nd4 21. Nxd4 Bxd4 22. Be3 Rd8 23. Bxd4+ exd4 24. Rd1 1/2-1/2